| 000 | 00748nam a22002292 4500 | ||
|---|---|---|---|
| 001 | 0000012093 | ||
| 005 | 20151021151123.0 | ||
| 008 | 090202s xx 000 0 eng d | ||
| 020 | _a0073517178 : | ||
| 040 |
_aKABU _cKABU |
||
| 100 | 1 |
_aBradley, Julia Case. _@0000154404 |
|
| 245 | 1 | 0 |
_aAdvanced programming using Visual Basic 2005 / _cJulia Case Bradley, Anita C. Millspaugh. |
| 250 | _a3rd ed. | ||
| 260 |
_aNew York : _bMcGraw Hill, _c2007. |
||
| 300 | _axxii, 650 p. | ||
| 650 | 0 |
_aMicrosoft Visual BASIC. _@0000154360 |
|
| 650 | 0 |
_aComputer programming. _@0000148161 |
|
| 700 | 1 |
_aMillspaugh, Anita C. _@0000154405 |
|
| 852 | 1 | _9p3500 KES | |
| 908 | _a090202 | ||
| 950 | _@1 | ||
| 999 |
_c869 _d869 |
||